Análisis económico institucional de los incentivos vigentes dirigidos al sector forestal y en particular para los usuarios del bosque natural (Registro nro. 6542)

Detalles MARC
000 -CABECERA
Campo de control 01920nam a2200313 a 4500
005 - FECHA Y HORA DE LA ULTIMA TRANSACCION
Campo de control 20180803165401.0
008 - ELEMENTOS DE LONGITUD FIJA—INFORMACION GENERAL
Campo de control 140128b2005 ck ||||| |||| 00| 0 spa d
041 ## - IDIOMA
Código de idioma para texto/pista de sonido o título separado Español
044 ## - PAÍS DE PUBLICACIÓN
País de publicación Colombia
090 ## - CLASIFICACIÓN LOCAL
Colección IAVH
Consecutivo 00910
100 ## - ASIENTO PRINCIPAL--NOMBRE PERSONAL
Nombre personal Hernandez P., Sara
245 ## - MENCION DE TITULO
Título Análisis económico institucional de los incentivos vigentes dirigidos al sector forestal y en particular para los usuarios del bosque natural
260 ## - PUBLICACION, DISTRIBUCION, ETC. (PIE DE IMPRENTA)
Lugar de publicación, distribución, etc. Bogotá
Nombre del editor, distribuidor, etc. Instituto Alexander von Humboldt
-- USAID
Fecha de publicación, distribución, etc. 2005
300 ## - DESCRIPCION FISICA
Extensión 144 p.
520 ## - NOTA DE RESUMEN, ETC.
Nota de resumen Diagnóstico sobre los mecanismos financieros y económicos orientados al sector forestal con especial énfasis en el bosque natural y la viabilidad de uso y acceso de los incentivos identificados por parte de pequeños y medianos usuarios del bosque. Pretende utilizar el marco conceptual de análisis y los resultados desarrollados en materia de diseño e implementación de incentivos para la conservación y uso sostenible de la biodiversidad, con el fin de examinar y evaluar los instrumentos de política (incentivos) vigentes, que por su definición tienen un impacto en el sector forestal y fomentan su competitividad. El análisis se centra en particular sobre la efectividad de estos instrumentos para responder a los requerimientos de los pequeños y medianos productores y comunidades locales, que usan el bosque natural, como fuente primera del mercado de la madera
650 ## - ASIENTO SECUNDARIO DE MATERIA - TERMINO TEMATICO
Término temático o nombre geográfico como elemento de entrada Mecanismos financieros
650 ## - ASIENTO SECUNDARIO DE MATERIA - TERMINO TEMATICO
Término temático o nombre geográfico como elemento de entrada Mecanismos económicos
650 ## - ASIENTO SECUNDARIO DE MATERIA - TERMINO TEMATICO
Término temático o nombre geográfico como elemento de entrada Sector forestal
650 ## - ASIENTO SECUNDARIO DE MATERIA - TERMINO TEMATICO
Término temático o nombre geográfico como elemento de entrada Bosque natural
650 ## - ASIENTO SECUNDARIO DE MATERIA - TERMINO TEMATICO
Término temático o nombre geográfico como elemento de entrada Incentivos
650 ## - ASIENTO SECUNDARIO DE MATERIA - TERMINO TEMATICO
Término temático o nombre geográfico como elemento de entrada Diseño y implementación de incentivos
650 ## - ASIENTO SECUNDARIO DE MATERIA - TERMINO TEMATICO
Término temático o nombre geográfico como elemento de entrada Efectividad de instrumentos
650 ## - ASIENTO SECUNDARIO DE MATERIA - TERMINO TEMATICO
Término temático o nombre geográfico como elemento de entrada Madera
700 ## - ASIENTO SECUNDARIO - NOMBRE PERSONAL
Nombre personal Rodríguez, Jean Carlos
700 ## - ASIENTO SECUNDARIO - NOMBRE PERSONAL
Nombre personal Campuzano, Marcela
700 ## - ASIENTO SECUNDARIO - NOMBRE PERSONAL
Nombre personal Calderón, María José
942 ## - ELEMENTOS ADICIONALES (KOHA)
Tipo de ítem CD-ROM
Sistema de clasificación Local
945 ## - PROCESAMIENTO LOCAL
AAAA-MM-DD - Fecha de ingreso o modificacion 2008-09-05
Existencias
Withdrawn status Lost status Sistema de Clasificación Damaged status No para préstamo Colección Inventariado Ubicación Permanente Ubicación actual Fecha de adquisición Total Checkouts Número topográfico Inventario / Código de Barras Date last seen Ejemplar Price effective from Tipo de material
    Local     Humboldt Inventariado 2017 Bogotá Bogotá 05/09/2008   IAVH-00910 025936 09/08/2024 Ej. 1 04/12/2012 Informe Técnico